000 00309nam a2200133Ia 4500
008 200103s9999||||xx |||||||||||||| ||und||
040 _aIMU-MPC
082 _aColumn-64
100 _aGavaskar, Sunil
245 0 _aSunny Days: An autobiography
260 _bRupa Company
_c1991
300 _a264
942 _cBK
999 _c11453
_d11453